Spracovanie a recyklácia odpadu v Európskej únii: príklady vybraných členských štátov bakalárska práca

Salvato in:
Dettagli Bibliografici
Autore principale: Rášová, Denisa
Ente Autore: Fakulta medzinárodných vzťahov EU. Katedra medzinárodných ekonomických vzťahov a hospodárskej diplomacie
Altri autori: Černota, Mikuláš, 1979-
Natura: Libro
Lingua:slovacco
Pubblicazione: Bratislava 2015
Tags: Aggiungi Tag
Nessun Tag, puoi essere il primo ad aggiungerne!!

MARC

LEADER 00000nbm a2200000 4500
001 0206427
005 20161212100127.4
041 0 |a slo 
044 |a SK 
245 1 0 |a Spracovanie a recyklácia odpadu v Európskej únii: príklady vybraných členských štátov  |b bakalárska práca  |c Denisa Rášová ; školiteľ: Mikuláš Černota 
264 1 |a Bratislava  |c 2015 
300 |a 63 s. 
100 1 |a Rášová, Denisa 
700 1 |a Černota, Mikuláš, 1979- 
710 2 |a Fakulta medzinárodných vzťahov EU. Katedra medzinárodných ekonomických vzťahov a hospodárskej diplomacie